DIFFERENTAL DIAGNOSIS IN PEDIATRIC INCLUDING ATLAS (Record no. 51)

MARC details
000 -LEADER
fixed length control field 00313nam a2200133Ia 4500
082 ## - DEWEY DECIMAL CLASSIFICATION NUMBER
Classification number 618.92
Item number D09G
100 ## - MAIN ENTRY--PERSONAL NAME
Personal name GUPTE, S.
245 ## - TITLE STATEMENT
Title DIFFERENTAL DIAGNOSIS IN PEDIATRIC INCLUDING ATLAS
250 ## - EDITION STATEMENT
Edition statement 5TH
260 ## - PUBLICATION, DISTRIBUTION, ETC. (IMPRINT)
Name of publisher, distributor, etc JAYPEE BROTHERS
Place of publication, distribution, etc DELHI
Year of Publication 2009
300 ## - PAGE DESCRIPTION
No. of Pages 1-596
650 ## - SUBJECT ADDED ENTRY--TOPICAL TERM
Topical term or geographic name as entry element PAEDIATRICS
942 ## - ADDED ENTRY ELEMENTS (KOHA)
Source of classification or shelving scheme Dewey Decimal Classification
Koha item type Books
942 ## - ADDED ENTRY ELEMENTS (KOHA)
-- 1
Holdings
Withdrawn status Lost status Source of classification or shelving scheme Damaged status Not for loan Collection code Home library Current library Shelving location Date acquired Vendor Name Cost, normal purchase price SGTU Bill Number Total Checkouts Full call number Accession No. (Barcode) Date last seen Date last borrowed Bill Date Koha item type
    Dewey Decimal Classification     MEDICAL SGT Medical Library SGT Medical Library Text Book 06/02/2010 JAYPEE 595.00 SGTU 7215 1 618.92 D09G FM321 19/05/2015 19/05/2015 08/03/2011 Books
    Dewey Decimal Classification     MEDICAL SGT Medical Library SGT Medical Library Text Book 06/02/2010 JAYPEE 595.00 SGTU 7215 2 618.92 D09G FM322 30/03/2024 15/03/2024 08/03/2011 Books
    Dewey Decimal Classification     MEDICAL SGT Medical Library SGT Medical Library Text Book 06/02/2010 JAYPEE 595.00 SGTU 7215 5 618.92 D09G FM323 09/01/2023 24/12/2022 08/03/2011 Books
    Dewey Decimal Classification     MEDICAL SGT Medical Library SGT Medical Library Text Book 06/02/2010 JAYPEE 595.00 SGTU 7215   618.92 D09G FM324 09/02/2015   08/03/2011 Books
Withdrawn Missing Dewey Decimal Classification     MEDICAL SGT Medical Library SGT Medical Library Text Book 06/02/2010 JAYPEE 595.00 SGTU 7215   618.92 D09G FM325 09/02/2015   08/03/2011 Books